[Event "Essex league"]
[Site "?"]
[Date "1980.06.19"]
[Round "?"]
[White "Stebbings, A."]
[Black "Bowden, K."]
[Result "1-0"]
[WhiteElo "2256"]
[BlackElo "2112"]
[PlyCount "41"]
[EventDate "1980.??.??"]

1. e4 e6 2. d4 d5 3. Nd2 a6 4. Bd3 c5 5. exd5 exd5 6. Qe2+ Be7 7. dxc5 Nf6 8.
Nb3 O-O 9. Bg5 Re8 10. O-O-O Bg4 11. f3 Bd7 12. Qd2 a5 13. Ne2 a4 14. Nbd4 Na6
15. Nf5 Bxc5 16. Ned4 Nc7 17. Qf4 Ne6 18. Nxe6 Rxe6 19. Qh4 Bf8 20. Bxf6 Qxf6
21. Ne7+ 1-0

[Event "Tournament: Charlton Open"]
[Site "?"]
[Date "1980.07.11"]
[Round "?"]
[White "Stebbings, A."]
[Black "MorrisHill, R."]
[Result "1/2-1/2"]
[WhiteElo "2256"]
[BlackElo "1992"]
[PlyCount "140"]
[EventDate "1980.??.??"]

1. e4 c5 2. Nf3 Nc6 3. d4 cxd4 4. Nxd4 Nf6 5. Nc3 e5 6. Ndb5 d6 7. Bg5 a6 8.
Na3 b5 9. Nd5 Be7 10. Bxf6 Bxf6 11. c3 O-O 12. Nc2 Bg5 13. a4 bxa4 14. Rxa4 Ne7
15. Bc4 a5 16. O-O Rb8 17. b3 Bd7 18. Ra3 Nxd5 19. Bxd5 Be6 20. Qd3 Qc7 21. b4
axb4 22. Nxb4 Qc5 23. Rd1 Bxd5 24. Qxd5 Qxd5 25. Rxd5 Rfc8 26. Kf1 Rc4 27. f3
Be3 28. Rxd6 Bc5 29. Rd7 Bxb4 30. cxb4 Rcxb4 31. Raa7 Rf8 32. Ra5 Rb2 33. Rxe5
Rc8 34. Rc5 Ra8 35. Rdc7 Rd8 36. Rc8 Rb8 37. Rxb8 Rxb8 38. Kf2 f6 39. Rc7 Rb2+
40. Kg3 h6 41. h4 Rb5 42. Kf4 h5 43. Rd7 Rb2 44. g3 Kh7 45. g4 hxg4 46. Kxg4
Rg2+ 47. Kh3 Rg1 48. Kh2 Rf1 49. Kg2 Rc1 50. f4 Rc4 51. Kf3 Rc3+ 52. Kg4 Rc4
53. Kf5 Rc6 54. e5 fxe5 55. fxe5 Kg8 56. e6 Kf8 57. Rd8+ Ke7 58. Rd7+ Kf8 59.
h5 Rc5+ 60. Kg6 Re5 61. Rd6 Ke7 62. Ra6 Kf8 63. Rb6 Ke7 64. Rc6 Kf8 65. Rb6 Ke7
66. Rb7+ Kf8 67. Rf7+ Ke8 68. Rxg7 Rxe6+ 69. Kf5 Kf8 70. Rg6 Re1 1/2-1/2

[Event "Tournament: Charlton Open"]
[Site "?"]
[Date "1980.07.12"]
[Round "?"]
[White "Smith, E."]
[Black "Stebbings, A."]
[Result "0-1"]
[WhiteElo "1808"]
[BlackElo "2256"]
[PlyCount "52"]
[EventDate "1980.??.??"]

1. d4 Nf6 2. Bg5 e6 3. Nf3 c5 4. e3 Qb6 5. Nbd2 Qxb2 6. Bd3 d5 7. c4 Qc3 8. Ne5
Nc6 9. O-O Nxe5 10. dxe5 Qxe5 11. Nf3 Qd6 12. Bf4 Qd8 13. cxd5 Nxd5 14. Bb5+
Bd7 15. Bxd7+ Qxd7 16. Ne5 Qc8 17. Qa4+ Ke7 18. Rfd1 f6 19. e4 Nb6 20. Qb3 fxe5
21. Bg5+ Kf7 22. Rd2 h6 23. Qh3 Kg6 24. f4 c4 25. f5+ exf5 26. exf5+ Qxf5 0-1

[Event "Tournament: Charlton Open"]
[Site "?"]
[Date "1980.07.12"]
[Round "?"]
[White "Triggs, S."]
[Black "Stebbings, A."]
[Result "0-1"]
[WhiteElo "2040"]
[BlackElo "2256"]
[PlyCount "44"]
[EventDate "1980.??.??"]

1. e4 e6 2. d4 d5 3. e5 c5 4. c3 Nc6 5. Nf3 Bd7 6. a3 f6 7. exf6 Nxf6 8. Bd3
cxd4 9. cxd4 Bd6 10. Nc3 O-O 11. O-O Kh8 12. Bg5 Qe8 13. Qd2 Ng4 14. Bh4 Rxf3
15. gxf3 Nxh2 16. Kg2 Qh5 17. Bg3 Nxf1 18. Rxf1 Bxg3 19. fxg3 Nxd4 20. Bxh7
Nxf3 21. Qf4 Nh4+ 22. gxh4 Kxh7 0-1

[Event "Tournament: Charlton Open"]
[Site "?"]
[Date "1980.07.13"]
[Round "?"]
[White "Stebbings, A."]
[Black "Wells, P."]
[Result "1-0"]
[WhiteElo "2256"]
[BlackElo "2248"]
[PlyCount "75"]
[EventDate "1980.??.??"]

1. c4 e6 2. d4 d5 3. Nc3 c5 4. cxd5 exd5 5. Nf3 Nc6 6. g3 c4 7. Bg2 Bb4 8. O-O
Nge7 9. e4 O-O 10. exd5 Nxd5 11. Nxd5 Qxd5 12. Ne5 Qb5 13. a4 Qa6 14. Nxc6 bxc6
15. Qc2 Be6 16. Be3 Bd5 17. Rfc1 Qc8 18. Bf1 Qg4 19. Bxc4 Rae8 20. Bxd5 cxd5
21. Qb3 Qf3 22. Qxb4 Rxe3 23. Ra3 Rxa3 24. Qxa3 Qf5 25. Qe7 a6 26. b4 h5 27. b5
axb5 28. axb5 Rb8 29. b6 h4 30. b7 h3 31. Qc7 Kh7 32. Qc8 Qh5 33. g4 Qg5 34.
Rc3 Qf4 35. Rxh3+ Kg6 36. Rc3 Kg5 37. h3 Qd2 38. Qxb8 1-0

[Event "Tournament: Charlton Open"]
[Site "?"]
[Date "1980.07.13"]
[Round "?"]
[White "Springate, D."]
[Black "Stebbings, A."]
[Result "0-1"]
[WhiteElo "2040"]
[BlackElo "2256"]
[PlyCount "75"]
[EventDate "1980.??.??"]

1. e4 e6 2. b3 c5 3. Bb2 Nf6 4. e5 Nd5 5. Nf3 Be7 6. c4 Nb4 7. a3 N4c6 8. Nc3
O-O 9. Bd3 d6 10. exd6 Qxd6 11. Qc2 f5 12. O-O-O a6 13. Na4 Nd7 14. Rhe1 g6 15.
g4 Rb8 16. gxf5 exf5 17. Nc3 Bf6 18. Bxf5 gxf5 19. Nd5 Bxb2+ 20. Qxb2 Nf6 21.
Rg1+ Kh8 22. Rde1 Bd7 23. Ng5 Rbe8 24. Rxe8 Bxe8 25. Re1 Bd7 26. Qc3 h6 27. Ne6
Bxe6 28. Nxf6 Nd4 29. Nd5 Bxd5 30. cxd5 Qxd5 31. f4 Rf6 32. Re8+ Kh7 33. Qg3
Qxb3 34. Re7+ Rf7 35. Rxf7+ Qxf7 36. Kb2 Qc4 37. Qc3 Qxc3+ 38. dxc3 0-1

[Event "Tournament: Lloyds Bank Masters"]
[Site "London"]
[Date "1980.08.20"]
[Round "?"]
[White "Stebbings, A."]
[Black "Frostick, C."]
[Result "1-0"]
[WhiteElo "2256"]
[BlackElo "2144"]
[PlyCount "63"]
[EventDate "1980.??.??"]

1. e4 c5 2. Nf3 Nf6 3. e5 Nd5 4. Nc3 Nxc3 5. dxc3 e6 6. Bf4 Nc6 7. Qd2 b6 8.
O-O-O Qc7 9. Be2 h6 10. Qe3 g5 11. Bg3 Bg7 12. h3 Bb7 13. Rhe1 O-O-O 14. Bf1
Ne7 15. Bh2 Nf5 16. Qd3 h5 17. Kb1 Bh6 18. g4 hxg4 19. hxg4 Ne7 20. Nd2 Nd5 21.
Ne4 Bf8 22. Bg3 Be7 23. Qd2 Nf4 24. Bxf4 gxf4 25. Qxf4 f5 26. gxf5 Rh4 27. Nd6+
Qxd6 28. exd6 Rxf4 29. dxe7 Re8 30. fxe6 Rxe7 31. exd7+ Rxd7 32. Bh3 1-0

[Event "Tournament: Lloyds Bank Masters"]
[Site "London"]
[Date "1980.08.21"]
[Round "?"]
[White "Baljon, C."]
[Black "Stebbings, A."]
[Result "1/2-1/2"]
[WhiteElo "2344"]
[BlackElo "2256"]
[PlyCount "74"]
[EventDate "1980.??.??"]

1. e4 c5 2. Nf3 e6 3. d4 cxd4 4. Nxd4 Nc6 5. Nc3 a6 6. g3 Nge7 7. Nde2 b5 8.
Bg2 Ng6 9. O-O Bc5 10. Kh1 O-O 11. f4 f6 12. a3 Bb7 13. Qd3 Qc7 14. Rd1 Rfd8
15. Nd5 Qb8 16. Be3 Qa7 17. b4 Bxe3 18. Nxe3 Nge7 19. c4 bxc4 20. Nxc4 d5 21.
exd5 Nxd5 22. Qe4 Kf7 23. f5 exf5 24. Qxf5 Nce7 25. Qxh7 Rac8 26. Qh5+ Kg8 27.
Qg4 f5 28. Qd4 Qa8 29. Kg1 Nc3 30. Qxc3 Bxg2 31. Nb6 Qa7 32. Rxd8+ Rxd8 33.
Kxg2 Qxb6 34. Rf1 Nd5 35. Qc4 Kh7 36. Qh4+ Kg8 37. Qc4 Kh7 1/2-1/2

[Event "Tournament: Lloyds Bank Masters"]
[Site "London"]
[Date "1980.08.22"]
[Round "?"]
[White "Stebbings, A."]
[Black "MacDonaldRoss, M."]
[Result "1-0"]
[WhiteElo "2256"]
[BlackElo "2200"]
[PlyCount "89"]
[EventDate "1980.??.??"]

1. d4 Nf6 2. c4 d6 3. Nc3 Bf5 4. f3 e5 5. e4 exd4 6. Qxd4 Nc6 7. Qd2 Be6 8. b3
g6 9. Nge2 Bg7 10. g3 Ne5 11. Bg2 Bh3 12. O-O Bxg2 13. Kxg2 O-O 14. Ba3 Nfd7
15. Rad1 a6 16. f4 Bh6 17. h3 Nc6 18. Qc2 a5 19. Nb5 Nb4 20. Qb1 Nc5 21. Nec3
Bg7 22. Bb2 Qe7 23. Rfe1 f6 24. a3 Nba6 25. Bc1 Qf7 26. b4 axb4 27. axb4 Ne6
28. f5 Nd8 29. Nd5 Nc6 30. Qb3 Kh8 31. Bb2 Rad8 32. Nf4 Rfe8 33. Ne6 Rxe6 34.
fxe6 Qxe6 35. Nd4 Nxd4 36. Bxd4 Nb8 37. Qd3 Nc6 38. Bc3 Ra8 39. Ra1 Re8 40. Qd5
Qc8 41. b5 Ne5 42. Ra7 c6 43. bxc6 Qxc6 44. Qxc6 bxc6 45. Bxe5 1-0

[Event "Tournament: Lloyds Bank Masters"]
[Site "London"]
[Date "1980.08.23"]
[Round "?"]
[White "Gheorghiu, F."]
[Black "Stebbings, A."]
[Result "1-0"]
[WhiteElo "2608"]
[BlackElo "2256"]
[PlyCount "41"]
[EventDate "1980.??.??"]

1. d4 Nf6 2. c4 g6 3. Nc3 d5 4. Nf3 Bg7 5. Bg5 Ne4 6. Bh4 Nxc3 7. bxc3 c5 8.
cxd5 Qxd5 9. e3 cxd4 10. cxd4 Nc6 11. Be2 O-O 12. O-O b6 13. Qb3 Qxb3 14. axb3
e6 15. b4 Bb7 16. b5 Na5 17. Be7 Rfc8 18. Bb4 Nc4 19. Rfc1 a5 20. bxa6 Bxa6 21.
Bxc4 1-0

[Event "Tournament: Lloyds Bank Masters"]
[Site "London"]
[Date "1980.08.24"]
[Round "?"]
[White "Stebbings, A."]
[Black "Pagden, M."]
[Result "1-0"]
[WhiteElo "2256"]
[BlackElo "2272"]
[PlyCount "31"]
[EventDate "1980.??.??"]

1. e4 d6 2. d4 Nf6 3. Nc3 g6 4. f4 Bg7 5. Nf3 O-O 6. Be3 b6 7. e5 Ng4 8. Bg1 c5
9. h3 cxd4 10. Qxd4 dxe5 11. Qe4 Qc7 12. Qxa8 e4 13. Nd4 Bxd4 14. Bxd4 Nc6 15.
Nd5 Qd7 16. Qxc6 1-0

[Event "Tournament: Lloyds Bank Masters"]
[Site "London"]
[Date "1980.08.25"]
[Round "?"]
[White "Stebbings, A."]
[Black "Pritchett, C."]
[Result "0-1"]
[WhiteElo "2256"]
[BlackElo "2416"]
[PlyCount "65"]
[EventDate "1980.??.??"]

1. d4 Nf6 2. c4 e6 3. Nc3 Bb4 4. e3 c5 5. Nge2 cxd4 6. exd4 O-O 7. a3 Be7 8. d5
exd5 9. cxd5 Re8 10. g3 Bc5 11. Na4 d6 12. Nxc5 dxc5 13. Bg2 Qa5+ 14. Kf1 Bf5
15. Nc3 Nbd7 16. h3 Ne4 17. Bxe4 Bxe4 18. Nxe4 Rxe4 19. Be3 Nf6 20. Qc2 c4 21.
Rd1 Rd8 22. Kg2 Rxd5 23. Bxa7 h6 24. Be3 Qd8 25. Rxd5 Qxd5 26. Kh2 Qe5 27. Rd1
Nd5 28. Bf4 Qe6 29. Bb8 h5 30. Kg2 Re2 31. Qc1 Ne3+ 32. Kf3 Nxd1 33. Qxd1 0-1

[Event "Tournament: Lloyds Bank Masters"]
[Site "London"]
[Date "1980.08.26"]
[Round "?"]
[White "Bellin, R."]
[Black "Stebbings, A."]
[Result "1/2-1/2"]
[WhiteElo "2400"]
[BlackElo "2256"]
[PlyCount "50"]
[EventDate "1980.??.??"]

1. e4 e6 2. d4 d5 3. Nd2 Nf6 4. e5 Nfd7 5. Bd3 c5 6. c3 Nc6 7. Ne2 cxd4 8. cxd4
f6 9. exf6 Nxf6 10. Nf3 Qb6 11. O-O Bd6 12. b3 O-O 13. Bb2 Bd7 14. Ng3 Rae8 15.
Ne5 Re7 16. Rc1 Be8 17. Bb1 Kh8 18. Kh1 Ng8 19. Qc2 g6 20. Qd2 Nxe5 21. dxe5
Bc5 22. Rxc5 Qxc5 23. Bd4 Qc8 24. Bxa7 Bb5 25. Re1 Rc7 1/2-1/2

[Event "Tournament: Lloyds Bank Masters"]
[Site "London"]
[Date "1980.08.27"]
[Round "?"]
[White "Crouch, C."]
[Black "Stebbings, A."]
[Result "1/2-1/2"]
[WhiteElo "2296"]
[BlackElo "2256"]
[PlyCount "92"]
[EventDate "1980.??.??"]

1. e4 e6 2. d4 d5 3. Nc3 Bb4 4. Nge2 Nf6 5. e5 Ne4 6. a3 Nxc3 7. Nxc3 Bxc3+ 8.
bxc3 O-O 9. Bd3 f5 10. f4 b6 11. a4 Ba6 12. O-O c5 13. Rf3 Rf7 14. Ba3 Bxd3 15.
Rxd3 cxd4 16. cxd4 Nc6 17. Rh3 Rc8 18. Ra2 Na5 19. c3 Rc4 20. Bc1 Rfc7 21. Bd2
Qe8 22. Be1 Nc6 23. Rd3 Ne7 24. h3 b5 25. axb5 Qxb5 26. Qa1 Nc6 27. Rd1 Rb7 28.
Ra3 a5 29. Qa2 Qb2 30. Ra1 Kf7 31. Ra4 Qxa2 32. R1xa2 Rxa4 33. Rxa4 Ke7 34. c4
dxc4 35. Rxc4 Kd7 36. d5 exd5 37. Rc5 d4 38. Rd5+ Ke7 39. Bh4+ Ke8 40. e6 a4
41. Rc5 Rb6 42. Rxf5 a3 43. e7 Nxe7 44. Ra5 Rb3 45. Ra8+ Kf7 46. Ra7 Re3
1/2-1/2

[Event "London league"]
[Site "?"]
[Date "1980.09.17"]
[Round "?"]
[White "Stebbings, A."]
[Black "Wheatley, A."]
[Result "0-1"]
[WhiteElo "2256"]
[BlackElo "2040"]
[PlyCount "60"]
[EventDate "1980.??.??"]

1. e4 c5 2. Nf3 Nf6 3. e5 Nd5 4. Nc3 e6 5. Nxd5 exd5 6. d4 Nc6 7. dxc5 Bxc5 8.
Qxd5 Qb6 9. Bc4 Bxf2+ 10. Ke2 O-O 11. Rf1 Bc5 12. Ng5 Nd4+ 13. Kd1 Ne6 14. c3
d6 15. b4 Nxg5 16. bxc5 Qa5 17. Bxg5 Be6 18. Qe4 d5 19. Qe3 dxc4 20. Be7 Rad8+
21. Bd6 b6 22. cxb6 axb6 23. Rf2 Rfe8 24. Kc1 Bd5 25. Qd2 Be4 26. Qd4 Bd3 27.
Rb2 Rxd6 28. Qxd6 Qxc3+ 29. Kd1 Qxb2 30. Rc1 Qe2# 0-1

[Event "London league"]
[Site "?"]
[Date "1980.10.07"]
[Round "?"]
[White "Stebbings, A."]
[Black "Horrocks, J."]
[Result "1-0"]
[WhiteElo "2256"]
[BlackElo "1912"]
[PlyCount "57"]
[EventDate "1980.??.??"]

1. e4 e5 2. Nf3 d6 3. d4 exd4 4. Nxd4 g6 5. c4 Bg7 6. Nc3 Nc6 7. Be3 Nge7 8.
Be2 O-O 9. O-O Bd7 10. Qd2 f5 11. exf5 Nxd4 12. Bxd4 Nxf5 13. Bxg7 Kxg7 14.
Rad1 Bc6 15. Nd5 Bxd5 16. Qxd5 Qe7 17. Bg4 c6 18. Qd2 Rfd8 19. Rfe1 Qf6 20.
Bxf5 gxf5 21. b3 Rd7 22. Qf4 d5 23. cxd5 cxd5 24. Re5 Kg6 25. h4 Rad8 26. h5+
Kg7 27. Rxf5 Qe6 28. Rg5+ Kh8 29. Qd4+ 1-0

[Event "Tournament: Guernsey Open"]
[Site "?"]
[Date "1980.10.20"]
[Round "?"]
[White "Stebbings, A."]
[Black "Rakers, A."]
[Result "1-0"]
[WhiteElo "2256"]
[BlackElo "1800"]
[PlyCount "89"]
[EventDate "1980.??.??"]

1. e4 c5 2. Nf3 d6 3. d4 cxd4 4. Nxd4 Nf6 5. Nc3 g6 6. Be2 Bg7 7. O-O O-O 8.
Bg5 Nc6 9. Nb3 Be6 10. Kh1 h6 11. Bh4 Nd7 12. f4 Bxb3 13. axb3 Nc5 14. Bf3 f6
15. f5 g5 16. Bf2 Nd7 17. Be2 Nde5 18. Bc4+ Nxc4 19. bxc4 Qd7 20. h3 b6 21. b3
Rfc8 22. Qd5+ Kf8 23. Ra4 Qe8 24. Rfa1 Rab8 25. Nb5 a5 26. Qd1 Ne5 27. Nd4 Kg8
28. Qe2 h5 29. g4 h4 30. Kg2 Nc6 31. Nb5 Bf8 32. Rd1 Ne5 33. Raa1 Qc6 34. Nc3
Qe8 35. Rd5 e6 36. Rb5 Nd7 37. Bd4 e5 38. Be3 Nc5 39. Nd5 Qd8 40. Bxc5 dxc5 41.
Rd1 Bd6 42. Qd3 Rc6 43. Nxf6+ Kg7 44. Qd5 Rbc8 45. Nh5+ 1-0

[Event "Tournament: Guernsey Open"]
[Site "?"]
[Date "1980.10.21"]
[Round "?"]
[White "Hasselmeyer, A."]
[Black "Stebbings, A."]
[Result "0-1"]
[WhiteElo "1880"]
[BlackElo "2256"]
[PlyCount "76"]
[EventDate "1980.??.??"]

1. e4 c5 2. Nf3 e6 3. d4 cxd4 4. Nxd4 Nc6 5. Nc3 a6 6. g3 Nge7 7. Nb3 Ng6 8.
Bg2 b5 9. O-O d6 10. Qh5 Be7 11. Be3 Qc7 12. f4 O-O 13. Rad1 Bd7 14. Qf3 Rac8
15. h4 Bf6 16. h5 Nge7 17. h6 g6 18. e5 dxe5 19. Ne4 Bh8 20. Nec5 Nb8 21. fxe5
Bc6 22. Qf2 Bxg2 23. Qxg2 Bxe5 24. Bf4 Nd5 25. Rxd5 exd5 26. Qxd5 Bxf4 27. Rxf4
Rfe8 28. Ne4 Re5 29. Nf6+ Kh8 30. Qd4 Rd8 31. Qf2 Rd1+ 32. Kh2 Qc6 33. Re4 Rxe4
34. Nxe4 f5 35. Nbd2 Qd5 36. Qb6 Nc6 37. Qc7 Rxd2+ 38. Kh3 Qd7 0-1

[Event "Tournament: Guernsey Open"]
[Site "?"]
[Date "1980.10.22"]
[Round "?"]
[White "Stebbings, A."]
[Black "Besson, J."]
[Result "1/2-1/2"]
[WhiteElo "2256"]
[BlackElo "1760"]
[PlyCount "52"]
[EventDate "1980.??.??"]

1. e4 d5 2. exd5 Nf6 3. c4 c6 4. d4 cxd5 5. Nc3 g6 6. Qb3 Bg7 7. cxd5 O-O 8.
Be2 Na6 9. Bf3 Qb6 10. Qxb6 axb6 11. Nge2 Nb4 12. O-O Rd8 13. d6 Rxd6 14. Bf4
Rd7 15. Rfd1 Nbd5 16. Be5 Rd8 17. Rac1 Be6 18. a3 Ne8 19. Bxg7 Kxg7 20. Nxd5
Bxd5 21. Bxd5 Rxd5 22. Rc4 Rad8 23. f4 Nf6 24. Rb4 R5d6 25. Nc3 e6 26. Kf2 Rc6
1/2-1/2

[Event "Tournament: Guernsey Open"]
[Site "?"]
[Date "1980.10.23"]
[Round "?"]
[White "Meulner, K."]
[Black "Stebbings, A."]
[Result "1/2-1/2"]
[WhiteElo "1904"]
[BlackElo "2256"]
[PlyCount "61"]
[EventDate "1980.??.??"]

1. Nf3 d5 2. g3 c6 3. Bg2 Bg4 4. d3 e6 5. O-O Bd6 6. Nbd2 Nd7 7. b3 Ne7 8. Bb2
O-O 9. c4 b5 10. e4 Qb6 11. Qc2 Rfc8 12. Rfc1 bxc4 13. dxc4 e5 14. Ne1 d4 15.
Nd3 Nc5 16. Bf1 a5 17. f4 f6 18. h3 Bh5 19. g4 Bf7 20. f5 a4 21. Rcb1 Nxd3 22.
Bxd3 a3 23. Bc1 Bb4 24. Nf3 Bc3 25. g5 c5 26. Kh2 Bh5 27. Nh4 Kh8 28. Qg2 g6
29. gxf6 Qxf6 30. Bg5 Qd6 31. fxg6 1/2-1/2

[Event "Tournament: Guernsey Open"]
[Site "?"]
[Date "1980.10.25"]
[Round "?"]
[White "Wouters, J."]
[Black "Stebbings, A."]
[Result "1/2-1/2"]
[WhiteElo "1976"]
[BlackElo "2256"]
[PlyCount "83"]
[EventDate "1980.??.??"]

1. e4 c5 2. c3 d5 3. exd5 Qxd5 4. d4 Nf6 5. Nf3 Bg4 6. Be2 e6 7. O-O Nc6 8. Be3
cxd4 9. cxd4 Be7 10. Nc3 Qd6 11. Qa4 O-O 12. Rfd1 Rfd8 13. Rac1 Rac8 14. h3 Bh5
15. Qb5 Qb4 16. g4 Bg6 17. Qxb4 Nxb4 18. Ne5 Nfd5 19. Nxg6 hxg6 20. Nxd5 Nxd5
21. Rxc8 Rxc8 22. Rc1 Rxc1+ 23. Bxc1 Nb4 24. Bc4 Bf6 25. a3 Nd5 26. Be3 Kf8 27.
Kf1 Ke8 28. Ke2 Kd7 29. Bb5+ Kd8 30. Kd3 a6 31. Bc4 Nb6 32. b3 Kd7 33. Ke4 Kc6
34. f4 Be7 35. a4 f5+ 36. Kd3 Nd5 37. Bd2 b5 38. axb5+ axb5 39. Bxd5+ Kxd5 40.
Be3 Bb4 41. Bf2 Kc6 42. Be3 1/2-1/2

[Event "County match"]
[Site "?"]
[Date "1980.11.01"]
[Round "?"]
[White "Stebbings, A."]
[Black "Tucker, D."]
[Result "1-0"]
[WhiteElo "2256"]
[BlackElo "2120"]
[PlyCount "81"]
[EventDate "1980.??.??"]

1. e4 c5 2. Nf3 Nc6 3. d4 cxd4 4. Nxd4 g6 5. c4 Nf6 6. Nc3 Nxd4 7. Qxd4 d6 8.
Bg5 Bg7 9. Qd2 O-O 10. Bd3 Be6 11. O-O Rc8 12. b3 Nd7 13. Rac1 Nc5 14. Bb1 a5
15. f4 f6 16. Bh4 Bh6 17. Bf2 Rf7 18. Bc2 Kh8 19. Kh1 Rg7 20. Be3 Bf7 21. Bd1
Be6 22. Bf3 b6 23. Rfd1 Rg8 24. Qe2 Bg7 25. Bg4 f5 26. exf5 Bxf5 27. Bd4 Qd7
28. Bxg7+ Rxg7 29. Bf3 Be6 30. Nb5 Rf8 31. g3 g5 32. fxg5 Rxg5 33. Rf1 Bh3 34.
Bg2 Bxg2+ 35. Kxg2 Rgf5 36. Nc3 Qc6+ 37. Kg1 e5 38. Nd5 Qb7 39. Rxf5 Rxf5 40.
Rf1 Rxf1+ 41. Qxf1 1-0

[Event "London league"]
[Site "?"]
[Date "1980.11.04"]
[Round "?"]
[White "Pickett, L."]
[Black "Stebbings, A."]
[Result "0-1"]
[WhiteElo "2136"]
[BlackElo "2256"]
[PlyCount "64"]
[EventDate "1980.??.??"]

1. e4 e6 2. d4 d5 3. Nc3 Bb4 4. e5 c5 5. a3 Bxc3+ 6. bxc3 Ne7 7. Qg4 Qc7 8.
Qxg7 Rg8 9. Qxh7 cxd4 10. Ne2 Nbc6 11. h4 dxc3 12. Rh3 Qxe5 13. Bf4 Qh8 14.
Qxh8 Rxh8 15. Bg5 e5 16. Rxc3 Ng8 17. g3 f6 18. Bd2 Bf5 19. Rb1 Rh7 20. Bg2 Rd8
21. Rc5 Rhd7 22. a4 Nge7 23. a5 Nb8 24. Rb2 Na6 25. Rcb5 Rc8 26. Kd1 Rdc7 27.
c3 Nc5 28. Nc1 a6 29. R5b4 Nc6 30. Bxd5 Nxb4 31. cxb4 Na4 32. Ra2 Rxc1+ 0-1

[Event "Essex league"]
[Site "?"]
[Date "1980.11.06"]
[Round "?"]
[White "Stebbings, A."]
[Black "ErdalSmith, A."]
[Result "1-0"]
[WhiteElo "2256"]
[BlackElo "1952"]
[PlyCount "49"]
[EventDate "1980.??.??"]

1. e4 g6 2. d4 Bg7 3. c3 d6 4. f4 Nf6 5. Bd3 e5 6. Nf3 exd4 7. cxd4 O-O 8. Nc3
c5 9. dxc5 dxc5 10. O-O Bg4 11. h3 Bxf3 12. Qxf3 Nc6 13. e5 Ne8 14. Rd1 Qb6 15.
Be3 Nd4 16. Qf2 Rd8 17. Be4 f5 18. Bd5+ Kh8 19. Bxd4 cxd4 20. Qxd4 Qxb2 21.
Rab1 Qa3 22. Rxb7 Rc8 23. Bb3 Nc7 24. Qxa7 Qe7 25. Nd5 1-0

[Event "National Club ch."]
[Site "?"]
[Date "1980.11.09"]
[Round "?"]
[White "Stebbings, A."]
[Black "Collins, P."]
[Result "1-0"]
[WhiteElo "2256"]
[BlackElo "1880"]
[PlyCount "63"]
[EventDate "1980.??.??"]

1. d4 Nf6 2. c4 e5 3. dxe5 Ng4 4. Nf3 Nc6 5. Nc3 Ngxe5 6. e3 d6 7. Be2 g6 8. b3
Bg7 9. Bb2 O-O 10. O-O b6 11. Qd2 Bb7 12. Rad1 Qd7 13. Nd5 f5 14. Nxe5 Nxe5 15.
f4 Nc6 16. Bf3 Rac8 17. Rfe1 Nd8 18. Bxg7 Qxg7 19. e4 c6 20. Nc3 Qf6 21. exf5
gxf5 22. Re3 Nf7 23. Rde1 Rc7 24. Re6 Qd8 25. Qd4 Bc8 26. R6e3 Nh6 27. Bxc6
Rxc6 28. Qd5+ Kg7 29. Qxc6 Qf6 30. Rd3 Rf7 31. Qxc8 Qh4 32. g3 1-0

[Event "County match"]
[Site "?"]
[Date "1980.11.22"]
[Round "?"]
[White "Stebbings, A."]
[Black "Knott, S."]
[Result "1/2-1/2"]
[WhiteElo "2256"]
[BlackElo "2312"]
[PlyCount "65"]
[EventDate "1980.??.??"]

1. e4 e6 2. d4 d5 3. Nd2 Nf6 4. e5 Nfd7 5. f4 c5 6. c3 Nc6 7. Ndf3 cxd4 8. cxd4
Nb6 9. Bd3 Bd7 10. Ne2 h5 11. a3 g6 12. b4 a6 13. Qb3 a5 14. b5 a4 15. Qb1 Ne7
16. Bd2 Nc4 17. Bb4 Nf5 18. Kf2 Qb6 19. Bxf5 gxf5 20. Nc3 Rg8 21. Bxf8 Kxf8 22.
Qb4+ Ke8 23. Rhb1 Qa5 24. g3 b6 25. Ra2 Qxb4 26. Rxb4 Ke7 27. Nd2 Nxd2 28. Rxd2
Ra5 29. Rxa4 Rc8 30. Rxa5 bxa5 31. Rd3 a4 32. Ke3 Kd8 33. Kd2 1/2-1/2

[Event "London league"]
[Site "?"]
[Date "1980.11.25"]
[Round "?"]
[White "Stebbings, A."]
[Black "Cooper, A."]
[Result "0-1"]
[WhiteElo "2256"]
[BlackElo "2184"]
[PlyCount "88"]
[EventDate "1980.??.??"]

1. e4 c5 2. Nf3 d6 3. d4 cxd4 4. Nxd4 Nf6 5. Nc3 g6 6. Be2 Bg7 7. O-O O-O 8.
Bg5 Nc6 9. Nb3 a6 10. f4 b5 11. Bf3 Bb7 12. Nd5 Nxd5 13. exd5 Na5 14. c3 Nc4
15. Qe2 Qc7 16. Kh1 Rae8 17. Qf2 e6 18. dxe6 fxe6 19. Bxb7 Qxb7 20. Qe2 e5 21.
fxe5 Rxe5 22. Rxf8+ Bxf8 23. Qg4 Qe4 24. Qxe4 Rxe4 25. Nd2 Re2 26. Nxc4 bxc4
27. Rb1 Kf7 28. h3 Bg7 29. a4 Be5 30. Kg1 Ke6 31. Kf1 Rc2 32. Bh6 Kd5 33. Bg5
Ke4 34. Bh6 Bg3 35. Bg5 Rf2+ 36. Kg1 Kd3 37. b4 cxb3 38. Rxb3 Re2 39. Rb1 Re1+
40. Rxe1 Bxe1 41. Bd8 Bxc3 42. Kf2 d5 43. g4 d4 44. Bg5 Kc2 0-1

[Event "County match"]
[Site "?"]
[Date "1980.11.29"]
[Round "?"]
[White "Flear, G."]
[Black "Stebbings, A."]
[Result "1-0"]
[WhiteElo "2304"]
[BlackElo "2256"]
[PlyCount "65"]
[EventDate "1980.??.??"]

1. d4 Nf6 2. c4 e6 3. Nc3 Bb4 4. e3 c5 5. Bd3 d5 6. Nf3 O-O 7. O-O b6 8. cxd5
exd5 9. Ne5 Bxc3 10. bxc3 Ba6 11. f3 Bxd3 12. Qxd3 Re8 13. Ba3 Nbd7 14. Nxd7
Qxd7 15. dxc5 Qa4 16. Bb2 bxc5 17. c4 dxc4 18. Qf5 Re6 19. Qxc5 Rc6 20. Qd4 Qa5
21. Bc3 Qc7 22. Rfd1 Ne8 23. Rac1 Rd6 24. Qe4 Rad8 25. Rxd6 Nxd6 26. Qf4 Qc6
27. Bxg7 Ne8 28. Bc3 Rd3 29. Qg5+ Kf8 30. Bb4+ Nd6 31. Qd8+ Kg7 32. Bc3+ Kg6
33. Qg8+ 1-0

[Event "Essex league"]
[Site "?"]
[Date "1980.12.04"]
[Round "?"]
[White "Purse, R."]
[Black "Stebbings, A."]
[Result "0-1"]
[WhiteElo "1872"]
[BlackElo "2256"]
[PlyCount "68"]
[EventDate "1980.??.??"]

1. e4 e6 2. d3 d5 3. Qe2 Be7 4. g3 Nf6 5. Bg2 c5 6. Nf3 Nc6 7. O-O O-O 8. e5
Nd7 9. c3 b5 10. Bf4 a5 11. Nbd2 a4 12. h4 Ba6 13. Rfd1 c4 14. d4 b4 15. Nf1 a3
16. bxa3 bxc3 17. N1h2 Bxa3 18. Ng5 g6 19. Ng4 Nb4 20. h5 c2 21. Re1 c1=Q 22.
Nh6+ Kg7 23. Raxc1 Bxc1 24. hxg6 Bxf4 25. Ngxf7 Qe7 26. gxf4 hxg6 27. Qg4 Rxf7
28. Nxf7 Qxf7 29. a3 Nd3 30. Bxd5 exd5 31. e6 Qe7 32. f5 Nxe1 33. Qxg6+ Kh8 34.
exd7 Rg8 0-1

[Event "London league"]
[Site "?"]
[Date "1980.12.10"]
[Round "?"]
[White "Stebbings, A."]
[Black "Kosten, A."]
[Result "1/2-1/2"]
[WhiteElo "2256"]
[BlackElo "2280"]
[PlyCount "61"]
[EventDate "1980.??.??"]

1. d4 Nf6 2. c4 c5 3. Nf3 cxd4 4. Nxd4 e5 5. Nb5 d5 6. cxd5 Bb4+ 7. Bd2 Bc5 8.
d6 Na6 9. e3 O-O 10. Bc3 Ne4 11. Bxe5 Qg5 12. Bd4 Bg4 13. Qa4 Qf5 14. f4 Nb4
15. h3 Qh5 16. g3 Nxg3 17. Rg1 Qh4 18. hxg4 Ne4+ 19. Kd1 Qf2 20. Bc3 Qxg1 21.
Bxb4 Qxf1+ 22. Kc2 Nf2 23. N1c3 Qd3+ 24. Kb3 Bxe3 25. Nc7 Rad8 26. N7d5 Ne4 27.
Rd1 Nd2+ 28. Ka3 Nc4+ 29. Kb3 Nd2+ 30. Ka3 Nc4+ 31. Kb3 1/2-1/2